[Event "HUN-chT2 Erkel 1617"]
[Site "Hungary"]
[Date "2016.09.25"]
[Round "1.3"]
[White "Kormos, Adam"]
[Black "Nadasi, Balazs"]
[Result "1-0"]
[WhiteElo "2148"]
[BlackElo "2141"]
[PlyCount "69"]
[EventDate "2016.09.25"]
[EventType "team-tourn"]
[EventRounds "11"]
[EventCountry "HUN"]
[SourceTitle "EXT 2021"]
[Source "ChessBase"]
[SourceDate "2020.10.23"]
[SourceVersion "1"]
[SourceVersionDate "2020.10.23"]
[SourceQuality "1"]
[WhiteTeam "Budapest EAC"]
[BlackTeam "Sarkany DSE"]
[WhiteTeamCountry "HUN"]
[BlackTeamCountry "HUN"]

1. e4 c5 2. Nf3 d6 3. Nc3 Nf6 4. Bc4 e6 5. 0-0 Be7 6. e5 dxe5 7. Nxe5 Nbd7 8. Nf3 0-0 9. a4 Nb6 10. Be2 Nbd5 11. a5 Nxc3 12. bxc3 Qc7 13. d4 Nd5 14. Bd3 c4 15. Be2 Nxc3 16. Qe1 Nd5 17. Ba3 Bxa3 18. Rxa3 Bd7 19. Ne5 Bb5 20. Rh3 f6 21. Ng4 Nf4 22. Rg3 Qd7 23. c3 Ng6 24. f4 Rae8 25. Ne3 Qc7 26. Bh5 Re7 27. Bxg6 hxg6 28. Rxg6 Be8 29. Rg3 Bc6 30. Qb1 f5 31. Nxc4 Be4 32. Qb4 Rc8 33. Ne5 Ree8 34. Rh3 Qe7 35. Rh8+ 1-0

[Event "HUN-chT2 Breyer 1516"]
[Site "Hungary"]
[Date "2015.11.29"]
[Round "5.4"]
[White "Szegi, Tamas"]
[Black "Nadasi, Balazs"]
[Result "1/2-1/2"]
[WhiteElo "2152"]
[BlackElo "2129"]
[PlyCount "34"]
[EventDate "2015.09.13"]
[EventType "team-tourn"]
[EventRounds "11"]
[EventCountry "HUN"]
[SourceTitle "CBM 170 Extra"]
[Source "ChessBase"]
[SourceDate "2016.02.25"]
[SourceVersion "1"]
[SourceVersionDate "2016.02.25"]
[SourceQuality "1"]
[WhiteTeam "Sarkany DSE"]
[BlackTeam "Kisber Aszar"]
[WhiteTeamCountry "HUN"]
[BlackTeamCountry "HUN"]

1. e4 c5 2. Nf3 d6 3. c3 Nf6 4. Be2 Nc6 5. d4 cxd4 6. cxd4 Nxe4 7. d5 Qa5+ 8. Nc3 Nxc3 9. bxc3 Nd8 10. 0-0 e5 11. dxe6 Nxe6 12. Rb1 a6 13. Nd4 Be7 14. Bf3 0-0 15. Be3 Bf6 16. Bxb7 Bxb7 17. Rxb7 Qd5 1/2-1/2

[Event "Budapest-chT1 Lilienthal 1314"]
[Site "Budapest"]
[Date "2013.10.13"]
[Round "2"]
[White "Nadasi, Balazs"]
[Black "Molnar, Jozsef"]
[Result "0-1"]
[WhiteElo "2121"]
[BlackElo "2193"]
[PlyCount "44"]
[EventDate "2013.09.29"]
[EventType "team-tourn"]
[EventRounds "11"]
[EventCountry "HUN"]
[SourceTitle "EXT 2021"]
[Source "ChessBase"]
[SourceDate "2020.10.23"]
[SourceVersion "1"]
[SourceVersionDate "2020.10.23"]
[SourceQuality "1"]
[WhiteTeam "Sarkany II"]
[BlackTeam "Budapest EAC III"]
[WhiteTeamCountry "HUN"]
[BlackTeamCountry "HUN"]

1. e4 e6 2. d4 d5 3. Nc3 Nf6 4. e5 Nfd7 5. f4 c5 6. Nf3 Nc6 7. Be3 Be7 8. Qd2 0-0 9. 0-0-0 c4 10. f5 b5 11. Nxb5 Rb8 12. Nd6 Bxd6 13. exd6 Nb4 14. Kb1 Nf6 15. a3 Ne4 16. Qe1 Nc6 17. Bc1 exf5 18. Ne5 Qxd6 19. Bf4 c3 20. Nd3 Rxb2+ 21. Nxb2 Qxa3 22. Nd3 Nb4 0-1

[Event "Budapest-chT1 Lilienthal 1314"]
[Site "Budapest"]
[Date "2013.09.29"]
[Round "1"]
[White "Kassay, Gabor"]
[Black "Nadasi, Balazs"]
[Result "0-1"]
[WhiteElo "2066"]
[BlackElo "2121"]
[PlyCount "132"]
[EventDate "2013.09.29"]
[EventType "team-tourn"]
[EventRounds "11"]
[EventCountry "HUN"]
[SourceTitle "EXT 2021"]
[Source "ChessBase"]
[SourceDate "2020.10.23"]
[SourceVersion "1"]
[SourceVersionDate "2020.10.23"]
[SourceQuality "1"]
[WhiteTeam "Csepel"]
[BlackTeam "Sarkany II"]
[WhiteTeamCountry "HUN"]
[BlackTeamCountry "HUN"]

1. d4 Nf6 2. c4 g6 3. Nf3 Bg7 4. g3 0-0 5. Bg2 d6 6. 0-0 Nc6 7. d5 Na5 8. Nbd2 c6 9. e4 e6 10. dxe6 Bxe6 11. Qe2 c5 12. Rb1 Re8 13. b3 Nc6 14. Bb2 Nd7 15. Bxg7 Kxg7 16. Qd3 Nde5 17. Nxe5 dxe5 18. Qc3 Nd4 19. Rbe1 Qd7 20. f4 f6 21. Nf3 Nxf3+ 22. Rxf3 Qd4+ 23. Qe3 Rad8 24. Kh1 Qxe3 25. Rfxe3 Rd2 26. R3e2 Red8 27. Bf3 Kf7 28. Kg1 Ke7 29. Kf2 a6 30. Rc1 R8d4 31. Rc2 Rxe2+ 32. Kxe2 Kd6 33. Ke3 b5 34. Be2 b4 35. Bd3 Bd7 36. Rf2 Bc6 37. Bc2 a5 38. Bd3 Bd7 39. Bc2 Bc8 40. Bd3 Be6 41. Rf1 Ke7 42. Rf2 a4 43. Rf1 a3 44. Rf2 Rd8 45. Rf1 h5 46. fxe5 fxe5 47. h4 Bg4 48. Bc2 Rd6 49. Bd3 g5 50. Bc2 gxh4 51. gxh4 Rg6 52. Rf2 Be6 53. Bd1 Rg3+ 54. Kd2 Bg4 55. Rh2 Bxd1 56. Kxd1 Rg4 57. Ke2 Rxe4+ 58. Kf3 Rf4+ 59. Ke3 Kf6 60. Ke2 Kf5 61. Ke3 Re4+ 62. Kf3 Rd4 63. Ke3 e4 64. Rf2+ Ke5 65. Rf8 Rd3+ 66. Ke2 Rh3 0-1

[Event "Budapest-chT1 Lilienthal 1213"]
[Site "Budapest"]
[Date "2012.11.11"]
[Round "3"]
[White "Nadasi, Balazs"]
[Black "Szentmihalyi, Tamas"]
[Result "1-0"]
[WhiteElo "2161"]
[BlackElo "2051"]
[PlyCount "57"]
[EventDate "2012.09.30"]
[EventType "team-tourn"]
[EventRounds "11"]
[EventCountry "HUN"]
[SourceTitle "EXT 2019"]
[Source "ChessBase"]
[SourceDate "2018.10.10"]
[SourceVersion "1"]
[SourceVersionDate "2018.10.10"]
[SourceQuality "1"]
[WhiteTeam "Sarkany II"]
[BlackTeam "Taban Spartacus II"]
[WhiteTeamCountry "HUN"]
[BlackTeamCountry "HUN"]

1. e4 d6 2. d4 Nf6 3. Nc3 g6 4. f4 Bg7 5. Nf3 c5 6. Bb5+ Nbd7 7. d5 0-0 8. a4 a6 9. Bd3 e6 10. dxe6 fxe6 11. 0-0 d5 12. e5 Ng4 13. Ng5 c4 14. Qxg4 Qb6+ 15. Kh1 cxd3 16. Qxe6+ Qxe6 17. Nxe6 Rf7 18. Nc7 Nxe5 19. Nxa8 dxc2 20. Re1 d4 21. fxe5 dxc3 22. bxc3 Bxe5 23. Bh6 Bg7 24. Re8+ Rf8 25. Rxf8+ Bxf8 26. Bxf8 Kxf8 27. Nb6 Be6 28. Rc1 Bb3 29. Nd7+ 1-0

[Event "Balatonalmadi Pannonia Cup 14th"]
[Site "Balatonalmadi"]
[Date "2009.07.31"]
[Round "4"]
[White "Nadasi, Balazs"]
[Black "Szabo, Kristof"]
[Result "0-1"]
[WhiteElo "2085"]
[BlackElo "1947"]
[PlyCount "56"]
[EventDate "2009.07.29"]
[EventType "swiss"]
[EventRounds "7"]
[EventCountry "HUN"]
[SourceTitle "EXT 2011"]
[Source "ChessBase"]
[SourceDate "2010.11.26"]
[SourceVersion "1"]
[SourceVersionDate "2010.11.26"]
[SourceQuality "1"]

1. e4 e6 2. d4 d5 3. Nc3 Bb4 4. e5 c5 5. a3 Bxc3+ 6. bxc3 Ne7 7. Qg4 Qc7 8. Qxg7 Rg8 9. Qxh7 cxd4 10. Ne2 Nbc6 11. f4 dxc3 12. Qd3 Bd7 13. Nxc3 a6 14. Ne2 Na5 15. Nd4 Nec6 16. Bd2 Nc4 17. Rb1 Nxd4 18. Qxd4 Nxa3 19. Qb6 Qxc2 20. Rc1 Qe4+ 21. Kf2 d4 22. Rg1 Bc6 23. Qb3 Nb5 24. Qd3 Nc3 25. g3 Bb5 26. Qxe4 Nxe4+ 27. Ke1 Bxf1 28. Rxf1 Rh8 0-1

[Event "Balatonalmadi Pannonia Cup 14th"]
[Site "Balatonalmadi"]
[Date "2009.07.30"]
[Round "3"]
[White "Zentai, Peter"]
[Black "Nadasi, Balazs"]
[Result "1-0"]
[WhiteElo "2263"]
[BlackElo "2085"]
[PlyCount "89"]
[EventDate "2009.07.29"]
[EventType "swiss"]
[EventRounds "7"]
[EventCountry "HUN"]
[SourceTitle "EXT 2011"]
[Source "ChessBase"]
[SourceDate "2010.11.26"]
[SourceVersion "1"]
[SourceVersionDate "2010.11.26"]
[SourceQuality "1"]

1. d4 Nf6 2. c4 g6 3. Nc3 Bg7 4. e4 d6 5. Nf3 0-0 6. Be2 e5 7. 0-0 Nc6 8. d5 Ne7 9. b4 Nh5 10. Re1 f5 11. Ng5 Nf6 12. f3 Kh8 13. Qb3 c6 14. Rd1 cxd5 15. cxd5 fxe4 16. Ncxe4 Nxe4 17. fxe4 a5 18. Be3 a4 19. Qd3 Bf6 20. Rf1 Kg7 21. Qd2 Ng8 22. Rac1 h6 23. Rxc8 Qxc8 24. Ne6+ Kh8 25. Rc1 Qe8 26. Nxf8 Qxf8 27. Rc7 Qb8 28. Qc2 Bg5 29. Bf2 Bd8 30. Rc3 Nf6 31. h3 Kg7 32. Bd3 Nh5 33. Ra3 Nf4 34. Bb5 Qc8 35. Rc3 Qb8 36. a3 g5 37. Bd7 b6 38. g3 Ng6 39. Bc6 Ra7 40. Bxa4 Rc7 41. Rc6 Rxc6 42. dxc6 Bc7 43. Bb3 Qd8 44. Qc4 Qe7 45. a4 1-0